Global shopping centre development report (Record no. 115144)
[ view plain ]
| 000 -LEADER | |
|---|---|
| fixed length control field | 00916cam a22001935a 4500 |
| 001 - CONTROL NUMBER | |
| control field | L158104 |
| 008 - FIXED-LENGTH DATA ELEMENTS--GENERAL INFORMATION | |
| fixed length control field | 140609s2014 xxk f 000 0 eng d |
| 035 ## - SYSTEM CONTROL NUMBER | |
| System control number | (Sirsi) u158104 |
| 041 0# - LANGUAGE CODE | |
| Language code of text/sound track or separate title | eng |
| 110 2# - MAIN ENTRY--CORPORATE NAME | |
| Corporate name or jurisdiction name as entry element | Cushman and Wakefield |
| 9 (RLIN) | 244 |
| 245 00 - TITLE STATEMENT | |
| Title | Global shopping centre development report |
| Remainder of title | Americas, Europe and Asia |
| Medium | [electronic resource] |
| 260 ## - PUBLICATION, DISTRIBUTION, ETC. | |
| Place of publication, distribution, etc. | New York |
| Date of publication, distribution, etc. | Cushman and Wakefield |
| Name of publisher, distributor, etc. | 2014 |
| 490 #0 - SERIES STATEMENT | |
| Series statement | Global shopping centre development report |
| -- | Americas, Europe and Asia |
| Volume/sequential designation | April 2014 |
| 520 ## - SUMMARY, ETC. | |
| Summary, etc. | Overview of opportunities for shopping center development in Americas, Europe and Asia. Notes new developments in the pipeline. |
| 651 #4 - SUBJECT ADDED ENTRY--GEOGRAPHIC NAME | |
| Geographic name | International |
| 690 ## - LOCAL SUBJECT ADDED ENTRY--TOPICAL TERM (OCLC, RLIN) | |
| Topical term or geographic name as entry element | Commercial property |
| 9 (RLIN) | 6227 |
| 856 40 - ELECTRONIC LOCATION AND ACCESS | |
| Uniform Resource Identifier | <a href="https://www.cushmanwakefield.com/en/research-and-insight/2014/global-shopping-center-development-report-spring-2014/">https://www.cushmanwakefield.com/en/research-and-insight/2014/global-shopping-center-development-report-spring-2014/</a> |
| Public note | View the item free of charge from the www.cushmanwakefield.com |
| 942 ## - ADDED ENTRY ELEMENTS (KOHA) | |
| Suppress in OPAC | 0 |
| Withdrawn status | Lost status | Source of classification or shelving scheme | Damaged status | Not for loan | Home library | Current library | Shelving location | Date acquired | Total Checkouts | Full call number | Barcode | Date last seen | Copy number | Price effective from | Koha item type |
|---|---|---|---|---|---|---|---|---|---|---|---|---|---|---|---|
| Dewey Decimal Classification | Virtual | Virtual | Online | 09/06/2014 | ONLINE PUBLICATION | 158104-2001 | 06/08/2019 | 1 | 06/08/2019 | Book |